00484 2200181 4500001002100000005001500021035002000036245007600056100001200132260002500144300002600169020002200195084001400217082000800231650001000239008004100249990001200290INLIS00000000000269520251007090259 a0010-09250000421 aPanduan Pengembangan Desa dan Kelurahan Ramah Anak /cDr. Susanto, M.A. aSusanto a- :bErlangga,c2019 a209 ;c(14,5 x 21 cm) a978-602-486-582-5 a370 SUS p a370 4aFiksi251007 0  a0754897